书目信息 |
| 题名: |
如何正确吵架
|
|
| 作者: | 赖特 , 赖特 著 ;钟辰丽 译 | |
| 分册: | ||
| 出版信息: | 北京 中国华侨出版社 2019 |
|
| 页数: | 220页 | |
| 开本: | 23cm | |
| 丛书名: | ||
| 单 册: | ||
| 中图分类: | C913.13-49 | |
| 科图分类: | ||
| 主题词: | 婚姻--Hun Yin--社会心理学--通俗读物 | |
| 电子资源: | ||
| ISBN: | 978-7-5113-7752-4 | |
| 000 | 01751nam0 2200349 450 | |
| 001 | 202019135295 | |
| 005 | 20191007123107.0 | |
| 010 | @a978-7-5113-7752-4@dCNY45.00 | |
| 092 | @aCN@bREADER-58842 | |
| 099 | @aCAL 012019015464 | |
| 100 | @a20191003d2019 em y0chiy50 ea | |
| 101 | 1 | @achi@ceng |
| 102 | @aCN@b110000 | |
| 105 | @aak z 000yy | |
| 106 | @ar | |
| 200 | 1 | @a如何正确吵架@ARu He Zheng Que Chao Jia@e发掘问题、解读渴望、创造幸福的伴侣沟通术@f(美) 朱迪斯·莱特, 鲍勃·莱特著@d= The heart of the fight@ea couple's guide to fifteen common fights, what they really mean, and how they can bring you closer@fJudith Wright, Bob Wright@g钟辰丽译@zeng |
| 210 | @a北京@c中国华侨出版社@d2019 | |
| 215 | @a220页@d23cm | |
| 305 | @a据2016年英文版译出 | |
| 306 | @a本中文简体版由银杏树下 (北京) 图书有限责任公司版权引进。 | |
| 314 | @a朱迪斯·莱特, 美国著名婚姻与生活方式教练, 教授和畅销书作家。鲍勃·莱特, 美国著名演讲家, 教育家, 咨询师, 教授。 | |
| 314 | @a责任者Wright规范汉译姓: 赖特 | |
| 330 | @a吵架不可怕, 可怕的是不知道为什么而吵, 徒然让无效争吵一再损害伴侣间的感情。本书将教你分辨15种最常见的争吵类型, 并介绍挖掘争吵的本质、将冲突转变为幸福的6个技巧。 | |
| 500 | 10 | @aHeart of the fight : a couple's guide to fifteen common fights, what they really mean, and how they can bring you closer@mChinese |
| 517 | 1 | @a发掘问题、解读渴望、创造幸福的伴侣沟通术@AFa Jue Wen Ti、Jie Du Ke Wang、Chuang Zao Xing Fu De Ban Lv Gou Tong Shu |
| 606 | 0 | @a婚姻@AHun Yin@x社会心理学@j通俗读物 |
| 690 | @aC913.13-49@v5 | |
| 701 | 1 | @a赖特@ALai Te@g(Wright, Judith)@4著 |
| 701 | 1 | @a赖特@ALai Te@g(Wright, Bob)@4著 |
| 702 | 0 | @a钟辰丽@AZhong Chen Li@4译 |
| 801 | 0 | @aCN@c20190905 |
| 905 | @a河南城建学院图书馆@dC913.13-49@eL032 | |
| 如何正确吵架:发掘问题、解读渴望、创造幸福的伴侣沟通术/(美) 朱迪斯·莱特, 鲍勃·莱特著= The heart of the fight:a couple's guide to fifteen common fights, what they really mean, and how they can bring you closer/Judith Wright, Bob Wright/钟辰丽译.-北京:中国华侨出版社,2019 |
| 220页;23cm |
| ISBN 978-7-5113-7752-4:CNY45.00 |
| 吵架不可怕, 可怕的是不知道为什么而吵, 徒然让无效争吵一再损害伴侣间的感情。本书将教你分辨15种最常见的争吵类型, 并介绍挖掘争吵的本质、将冲突转变为幸福的6个技巧。 |
| ● |
| 相关链接 |
|
|
|
正题名:如何正确吵架
索取号:C913.13-49/L032
 
预约/预借
| 序号 | 登录号 | 条形码 | 馆藏地/架位号 | 状态 | 备注 |
| 1 | 1443961 | 214439614 | 社科库509/509社科库 61排3列4层/ [索取号:C913.13-49/L032] | 在馆 | |
| 2 | 1443962 | 214439623 | 社科库509/509社科库 61排3列4层/ [索取号:C913.13-49/L032] | 在馆 | |
| 3 | 1443963 | 214439632 | 社科库509/509社科库 61排3列4层/ [索取号:C913.13-49/L032] | 在馆 |